30 Famous People from Denmark - Statistics

General Stats
  • This quiz has been taken 246 times
    123 since last reset
  • The average score is 13 of 30
Answer Stats
Hint Answer % Correct
Author of The Little Mermaid and The Ugly Duckling Hans Christian Andersen
84%
Footballer who collapsed on the pitch after suffering a cardiac arrest Christian Eriksen
75%
Physicist who specialised in atomic theory and quantum mechanics Niels Bohr
67%
World's best goalkeeper in 1992, 1993 and in 2000 Peter Schmeichel
67%
Philosopher, known as “the father of existentialism” Soren Kierkegaard
63%
Footballer and older brother of Brian Michael Laudrup
61%
Explorer, the strait between Asia and America was named after him Vitus Bering
61%
Actor who portrayed Aragorn in The Lord of the Rings Viggo Mortensen
57%
King of Denmark since 2024 Frederik X
54%
Actor who played in Star Wars: Rogue One and TV series Hannibal Mads Mikkelsen
52%
Queen of Denmark from 1972 to 2024 Margrethe II
47%
Handballer, named the IHF World Player of the Year three times Mikkel Hansen
47%
Author best known for memoir Out of Africa Karen Blixen
46%
Drummer and co-founder of heavy metal band Metallica Lars Ulrich
46%
Female tennis player and Australian Open winner in 2018 Caroline Wozniacki
44%
Director of movies Dancer in the Dark, Europa and Dogville Lars Von Trier
41%
Highest-ranked Danish male tennis player in history Holger Rune
37%
Actor who played Jaime Lannister in Game of Thrones Nikolaj Coster-Waldau
35%
Astronomer known for his accurate astronomical observations Tycho Brahe
35%
Formula One driver who drove for Haas team Kevin Magnussen
33%
Model who appeared in Chris Isaak's video Wicked Game Helena Christensen
32%
Racing driver who won the 24 Hours of Le Mans record nine times Tom Kristensen
32%
Actress who starred in the 1985 films Red Sonja and Rocky IV {Brigitte} Nielsen
31%
Actress who played the role of Lucilla in Gladiator {Connie} Nielsen
25%
Actress, born in New York to a Danish father and American mother Scarlett Johansson
25%
Founder of construction toy company The Lego Group Ole Kirk Kristiansen
23%
Runner born in Kenya who has the second fastest of all time over 800 m Wilson Kipketer
22%
Danish prince, who captured the throne of England in 1016 Cnut the Great
21%
Handball goalkeeper, IHF World Player of the Year in 2019 and 2021 Niclas Landin Jacobsen
18%
Princess Dagmar of Denmark, before she became the Empress of Russia Maria Feodorovna
9%
No matching quizzes found
Score Distribution
Percent of People with Each Score
Percentile by Number Answered
Your Score History
You have not taken this quiz since the last reset